000 01327nam a22003857a 4500
003 CHAP
005 20220329141442.0
008 971013s1989 r 00010 d
010 _a68378
011 _a69350
035 _a78826
040 _cCHAP
090 _aTesis
100 0 0 _aRuiz Arrazola, Miguel Antonio.
_9100607
245 _aTratamientos pregerminativos en semillas de durazno (Prunus persica (L) Batsch) selección Carlos
260 _aChapingo, Méx. :
_bEl autor,
_c1989
300 _a71 h.
_b; gráfs.
500 _a29-13
502 _aTesis (Ing. Agrónomo Esp. en Fitotecnia) -- UACH. Departamento de Fitotecnia
590 _aALEPH
_b10
_c20130110
_lUCH01
_h1405
590 _aBATCH-UPD
_b10
_c20130110
_lUCH01
_h0653
590 _aBATCH-UPD
_b10
_c20130410
_lUCH01
_h0338
590 _aBATCH-UPD
_b10
_c20130914
_lUCH01
_h1224
590 _aCONVERSION
_b10
_c20130109
_lUCH01
_h1338
650 1 4 _aDurazno
_xGerminación.
_934603
650 1 4 _aDurazno
_xPropagación.
_934623
650 1 4 _aDurazno
_xSemilla.
_934628
650 1 4 _aDurazno
_xVariedades.
_934631
650 1 4 _aEscarificación.
_937470
650 1 4 _aSemillas
_xRendimiento.
_9103930
901 _aBK
942 _cFOLL
949 _bBC
_cTES
_d33724000866869
_eTS1
_h21381
_i78826
_si
949 _bBC
_cTES
_d33724000909321
_eTS2
_fc.2
_h21382
_i78826
_si
999 _c68378
_d68378